[Event "Fyli op 3rd"]
[Site "Fyli"]
[Date "2011.10.21"]
[Round "6"]
[White "Thomaidou, Sofia"]
[Black "Diamantis, Georgios D"]
[Result "0-1"]
[WhiteElo "1005"]
[BlackElo "1670"]
[PlyCount "74"]
[EventDate "2011.09.16"]
[EventType "swiss"]
[EventRounds "7"]
[EventCountry "GRE"]
[SourceTitle "EXT 2013"]
[Source "ChessBase"]
[SourceDate "2012.11.22"]
[SourceVersion "1"]
[SourceVersionDate "2012.11.22"]
[SourceQuality "1"]

1. e4 d6 2. Nc3 Nf6 3. d4 g6 4. Bd3 Bg7 5. h3 0-0 6. e5 dxe5 7. dxe5 Nd5 8. Nf3 Nxc3 9. bxc3 Nc6 10. Qe2 Qd5 11. Bf4 Qa5 12. 0-0 Be6 13. Qe3 Qxc3 14. Bh6 Nxe5 15. Bxg7 Nxf3+ 16. Qxf3 Kxg7 17. a4 b6 18. Rfe1 Rad8 19. Rac1 Bd5 20. Qg3 e6 21. Re3 Qb2 22. Rce1 c5 23. c4 Bc6 24. Rb1 Qd4 25. Rd1 Qd6 26. Bc2 Qxg3 27. Rxg3 Rxd1+ 28. Bxd1 Rd8 29. Bc2 Rd4 30. Bb3 Kf6 31. Re3 Re4 32. Rf3+ Ke7 33. Rd3 Rd4 34. Re3 Rd2 35. h4 Rb2 36. g3 Rb1+ 37. Kh2 Rh1# 0-1